Random Filipino to English Words #10 - Statistics

General Stats
  • This quiz has been taken 18 times
  • The average score is 13 of 15
Answer Stats
Filipino English % Correct
Malungkot Sad
100%
Dito Here
92%
Nagugutom Hungry
92%
Musika Music
92%
Matanda Old
92%
Nakaraan Past
92%
Halaman Plant
92%
Bituin Star
92%
Araw Sun
92%
Lasa Taste
92%
Maglakad Walk
92%
Ngayon Now
85%
Tindahan Shop
69%
Banig Mat
54%
Pangkat Band
23%
No matching quizzes found
Score Distribution
Percent of People with Each Score
Percentile by Number Answered
Your Score History
You have not taken this quiz